00382nam a2200145Ia 4500100001300000942000700013654001300020245003200033260002800065082001400093300000800107546001200115999001700127952009200144 aAbbey M  cBK acomputer aOracle 8 : Beginners guide bTata Mc Graw hillc1997 a4.65bABB a765 aENGLISH c18573d18573 001040708CRCaCRCEbCRCEd2023-03-17l0o4.65 ABBp10712r2023-03-17w2023-03-17yBK